Understanding and Influencing Public Support for Insurgency and Terrorism (Record no. 352776)
[ view plain ]
| 000 -LEADER | |
|---|---|
| fixed length control field | 00808nam a2200133Ia 4500 |
| 008 - FIXED-LENGTH DATA ELEMENTS--GENERAL INFORMATION | |
| fixed length control field | 171212s9999 xx 000 0 und d |
| 020 ## - INTERNATIONAL STANDARD BOOK NUMBER | |
| International Standard Book Number | 9780833058690 |
| 100 ## - MAIN ENTRY--PERSONAL NAME | |
| Personal name | Davis, Paul K.;Larson, Eric V.;Haldeman, Zachary;Oguz, Mustafa;Rana, Yashodhara |
| 245 ## - TITLE STATEMENT | |
| Statement of responsibility, etc | Davis, Paul K.;Larson, Eric V.;Haldeman, Zachary;Oguz, Mustafa;Rana, Yashodhara |
| Title | Understanding and Influencing Public Support for Insurgency and Terrorism |
| 260 ## - PUBLICATION, DISTRIBUTION, ETC. (IMPRINT) | |
| Name of publisher, distributor, etc | RAND Corporation |
| Date of publication, distribution, etc | 2012 |
| 650 ## - SUBJECT ADDED ENTRY--TOPICAL TERM | |
| Topical term or geographic name as entry element | Political Science |
| 650 ## - SUBJECT ADDED ENTRY--TOPICAL TERM | |
| Topical term or geographic name as entry element | Terrorism -- Public opinion -- Case studies; Insurgency -- Public opinion -- Case studies; Qaida (Organization) -- Public opinion; Taliban -- Public opinion; Partiya Karkerên Kurdistan -- Public opinion; Nepal -- History -- Civil War, 1996-2006 -- Public |
| 856 ## - ELECTRONIC LOCATION AND ACCESS | |
| Uniform Resource Identifier | <a href="www.jstor.org/stable/10.7249/mg1122osd">www.jstor.org/stable/10.7249/mg1122osd</a> |
| Withdrawn status | Lost status | Damaged status | Home library | Current library | Date acquired | Total Checkouts | Full call number | Date last seen | Price effective from | Koha item type |
|---|---|---|---|---|---|---|---|---|---|---|
| College Library | College Library | 12/12/2017 | HV6431 | 12/12/2017 | 12/12/2017 | Curriculum - Based eBooks |